Statistics for The Presidential Traverse

Click here to take the quiz!

General Stats

  • This quiz has been taken 2 times
  • The average score is 6 of 10

Answer Stats

ElavationMountain% Correct
5774Mount Adams
100%
4052Mount Jackson
100%
5712Mount Jefferson
100%
5367Mount Madison
100%
6288Mount Washington
100%
5384Mount Monroe
50%
5533Mount Clay
0%
4780Mount Eisenhower
0%
5001Mount Franklin
0%
4310
Mount Pierce
0%

Score Distribution

Percentile by Number Answered

Percent of People with Each Score

Your Score History

You have not taken this quiz